Diseño y construcción de una trilladora axial cónica

Sparad:
Bibliografiska uppgifter
Huvudupphovsman: Sotela Montero, Gerardo
Övriga upphovsmän: Ulloa Chaverri, Rogelio
Materialtyp: Bok
Publicerad: [San José , Costa Rica] 1985
Taggar: Lägg till en tagg
Inga taggar, Lägg till första taggen!

MARC

LEADER 00000nam a2200000Ia 4500
003 002705
005 20221231144405.0
008 140114s1985 cr a m 000 ||s d
040 |c cru CEDI 
090 |a TFG 1626 
100 |a Sotela Montero, Gerardo  |9 14665 
245 |a Diseño y construcción de una trilladora axial cónica 
260 |c 1985  |a [San José , Costa Rica] 
300 |a v, 98 hojas : ilustraciones, 14 fotos originales, 5 planos 
500 |a A la cabeza de la portada. Investigación dirigida II . IM-9501. Universidad de Costa Rica. Facultad de Ingeniería. Escuela de Ingeniería Mecánica 
700 |9 14666  |a Ulloa Chaverri, Rogelio  
942 |c TFG 
999 |c 21179  |d 21179